| 000 | 00756nam a2200253 a 4500 | ||
|---|---|---|---|
| 001 | 68072 | ||
| 003 | BD-RjUL | ||
| 005 | 20211209081728.0 | ||
| 008 | 170330s1969 ohu||||| |||| 001 0 eng d | ||
| 035 | _a(BD-RjUL)68281 | ||
| 040 |
_aBD-RjUL _beng _cBD-RjUL |
||
| 041 | _aeng | ||
| 082 |
_223 _a543.212 _bHAN 1969 |
||
| 245 |
_aHandbook of chemistry and physics : _ba ready-reference pocket book of chemical and physical data / _cRobert C Weast |
||
| 250 | _a50th ed. | ||
| 260 |
_aOhio : _bCranwood parkway, _c1969 |
||
| 300 |
_axxiv, various p. : _bill. ; _c23 cm. |
||
| 500 | _aIncludes index | ||
| 650 |
_aPhysics _9201793 |
||
| 650 |
_aChemistry _9201794 |
||
| 650 |
_aMathematics _9201795 |
||
| 700 |
_aWeast, Robert C _9201796 |
||
| 942 |
_2ddc _cBK |
||
| 999 |
_c68072 _d68072 |
||